The joys of Haar measure
Αποθηκεύτηκε σε:
| Κύριος συγγραφέας: | |
|---|---|
| Άλλοι συγγραφείς: | |
| Μορφή: | Βιβλίο |
| Γλώσσα: | English |
| Δημοσίευση: |
Providence :
American Mathematical Society,
c2014.
|
| Σειρά: | Graduate studies in mathematics
150 |
| Θέματα: | |
| Ετικέτες: |
Προσθήκη ετικέτας
Δεν υπάρχουν, Καταχωρήστε ετικέτα πρώτοι!
|
MARC
| LEADER | 00000cam a2200000 a 4500 | ||
|---|---|---|---|
| 001 | 1/106185 | ||
| 008 | 150430s2014###?us |||bi ||||| | eng|| | ||
| 020 | |a 9781470409357 | ||
| 040 | |a GR-MyUa |b gre |c GR-MyUa |e AACR2 | ||
| 041 | 1 | |a eng | |
| 082 | 7 | |a 515.42 |2 (23) | |
| 100 | 1 | |a Diestel, Joe, |d 1943-2017. | |
| 245 | 1 | 0 | |a The joys of Haar measure / |c Joe Diestel, Angela Spalsbury. |
| 260 | |a Providence : |b American Mathematical Society, |c c2014. | ||
| 300 | |a xiv, 320 σ. ; |c 27 εκ. | ||
| 490 | 1 | |a (Graduate studies in mathematics ; |v 150) | |
| 504 | |a Βιβλιογραφία: σ. 309-315. Ευρετήριο. | ||
| 650 | 0 | |a Measure theory. | |
| 650 | 0 | |a Integrals, Haar. | |
| 650 | 0 | |a Numerical integration. | |
| 700 | 1 | |a Spalsbury, Angela, |d 1967- | |
| 830 | 0 | |a Graduate studies in mathematics |v 150 | |
| 852 | |a INST |b SAMOS |e 20150430 |h 515.42 DIE |p 005300042171 |q 005300042171 |t BK |y 0 | ||
| 922 | |a 3ΕΛΗ |b 201501 |c ΤΜΗΜΑ ΜΑΘΗΜΑΤΙΚΩΝ/ΜΕΤΑΠΤΥΧΙΑΚΟ |d ΔΡΕΣ | ||
| 970 | |a ΚΟΣΙΕΡΗΣ |b ΧΡΗΣΤΟΣ |z 2015-04-30 | ||